000 00963nam a2200301Ia 4500
003 OSt
005 20221007121110.0
006 a|||||r|||| 00| 0
007 ta
008 221006b |||||||| |||| 00| 0 eng d
020 _a9780521693226 (pbk)
024 _a119703
037 _b490, 15/12/2010, Aviva Books Company
_cTextbook
040 _aBDL
_cBDL
_beng
041 _2eng
_aeng
082 _aI3, P9;1 Carb
100 _aGoffinet Bernard Ed.
245 0 _aBryophyte biology
_b Shaw A Jonathan Ed.
250 _a2
260 _aCambridge
_bCambridge University Press
_c2009
300 _axiv, 565p.
_ccm.
500 _aIncludes bibliographical references.; Index 535-565p.
650 _a Bryophytes
650 _aBotany
700 _a Shaw A Jonathan Ed.
_9710488
942 _hI3, P9;1 Carb
_cTB
_2CC
999 _c1208443
_d1208443